<?xml version="1.0" encoding="UTF-8"?>
<record
    xmlns:xsi="http://www.w3.org/2001/XMLSchema-instance"
    xsi:schemaLocation="http://www.loc.gov/MARC21/slim http://www.loc.gov/standards/marcxml/schema/MARC21slim.xsd"
    xmlns="http://www.loc.gov/MARC21/slim">

  <leader>00634nam a22001817a 4500</leader>
  <controlfield tag="003">UA-OsUOA</controlfield>
  <controlfield tag="001"> 16526 </controlfield>
  <controlfield tag="007">ta</controlfield>
  <controlfield tag="008">20040113b un ||||| |||| 00| 0 ukr d</controlfield>
  <datafield tag="100" ind1=" " ind2=" ">
    <subfield code="a">&#x421;&#x43E;&#x43A;&#x43E;&#x43B;&#x43E;&#x432;&#x438;&#x447; &#x41C;.</subfield>
  </datafield>
  <datafield tag="942" ind1=" " ind2=" ">
    <subfield code="c">SA</subfield>
  </datafield>
  <datafield tag="040" ind1=" " ind2=" ">
    <subfield code="a">UA-OsUOA</subfield>
    <subfield code="c">UA-OsUOA</subfield>
    <subfield code="d">UA-OsUOA</subfield>
  </datafield>
  <datafield tag="245" ind1=" " ind2=" ">
    <subfield code="a">&#x423;&#x43F;&#x435;&#x432;&#x43D;&#x435;&#x43D;&#x438;&#x439; &#x43F;&#x43E;&#x441;&#x442;&#x443;&#x43F; &#x443; &#x43C;&#x430;&#x439;&#x431;&#x443;&#x442;&#x43D;&#x454;</subfield>
    <subfield code="b">[&#x41C;&#x456;&#x436;&#x43D;&#x430;&#x440;. &#x443;&#x43D;-&#x442; "&#x420;&#x415;&#x413;&#x406;" &#x456;&#x43C;. &#x421;.&#x414;&#x435;&#x43C;'&#x44F;&#x43D;&#x447;&#x443;&#x43A;&#x430; &#x432;&#x456;&#x434;&#x437;&#x43D;&#x430;&#x447;&#x438;&#x432; &#x441;&#x432;&#x43E;&#x454; &#x434;&#x435;&#x441;&#x44F;&#x442;&#x438;&#x43B;&#x456;&#x442;&#x442;&#x44F;]</subfield>
  </datafield>
  <datafield tag="300" ind1=" " ind2=" ">
    <subfield code="a">&#x421;.6</subfield>
  </datafield>
  <datafield tag="955" ind1=" " ind2=" ">
    <subfield code="a">0</subfield>
  </datafield>
  <datafield tag="773" ind1="0" ind2=" ">
    <subfield code="w">0</subfield>
    <subfield code="t">&#x41D;&#x43E;&#x432;&#x430; &#x412;&#x43E;&#x43B;&#x438;&#x43D;&#x44C;</subfield>
    <subfield code="d">&#x420;&#x456;&#x432;&#x43D;&#x435;</subfield>
    <subfield code="d">2003</subfield>
    <subfield code="g">&#x2116;43/16 &#x436;&#x43E;&#x432;&#x442;./</subfield>
  </datafield>
  <datafield tag="650" ind1=" " ind2="7">
    <subfield code="a">&#x41A;&#x440;&#x430;&#x454;&#x437;&#x43D;&#x430;&#x432;&#x447;&#x430; &#x440;&#x43E;&#x431;&#x43E;&#x442;&#x430;</subfield>
    <subfield code="2">UDC</subfield>
  </datafield>
  <datafield tag="999" ind1=" " ind2=" ">
    <subfield code="c">302691</subfield>
    <subfield code="d">302691</subfield>
  </datafield>
</record>
